000 00755nam a2200277Ia 4500
005 20260320195739.0
008 008 262003s9999 xx 000 0 hin d
020 _a9788183613842
037 _aEBOOK
040 _aCRL
040 _bhin
040 _cCRL
041 _2hin
041 _ahin
084 _qCRL
100 _aमहाश्वेता देवी, अनु. एवं सं. रामशंकर द्विवेदी
_91132992
245 0 _aझाँसी की रानी
250 _a6th
260 _bRajkamal
260 _c2010
300 _a320
856 _uhttps://ebook.indiaread.in/pdfs/Jhansi_ki_rani_by_Mahashweta_devi.pdf
942 _cEBOOK
999 _c1716277
_d1716277